LEADER 03577nam0 22007333i 450 001 IEI0084493 005 20251003044158.0 100 $a19940721d1957 ||||0itac50 ba 101 | $aita 102 $ait 181 1$6z01$ai $bxxxe 182 1$6z01$an 183 1$6z01$anc$2RDAcarrier 200 1 $aˆIl ‰dio che è fallito$etestimonianze sul comunismo$fL. Fischer ... [et al.]$gintroduzione di Richard Crossman 205 $a2. ed 210 $aMilano$cEdizioni di Comunità$d1957 215 $a382 p.$d23 cm 300 $aTraduzione di Giovanni Fei, Claudio Gorlier, Maria Vittoria Malvano, Anita Rho 500 11$aˆThe ‰god that failed.$3RAV0177752$955518 606 $aComunismo$xSaggi$2FIR$3SBLC032580$9E 606 $aComunismo$2FIR$3CFIC005128$9E 606 $aComunismo$xTestimonianze$2FIR$3LO1C025413$9I 676 $a320.532$9TEORIE E IDEOLOGIE POLITICHE. COMUNISMO$v21 676 $a335.4$9SISTEMI MARXIANI (MARXISMO)$v19 676 $a335.4$9SISTEMI MARXIANI (MARXISMO)$v20 676 $a335.4$9SISTEMI MARXISTI$v21 676 $a335.43$9SISTEMI MARXISTI - COMUNISMO (Marxismo-leninismo)$v14 686 $aX141.3$cMOVIMENTO COMUNISTA INTERNAZIONALE$2R 702 1$aFei$b, Giovanni$3ANAV058399 702 1$aWright$b, Richard$f <1908-1960>$3CFIV005290 702 1$aKoestler$b, Arthur$3CFIV007926 702 1$aGide$b, André$3CFIV013440 702 1$aGorlier$b, Claudio$3CFIV025644 702 1$aSilone$b, Ignazio$3CFIV028803 702 1$aMalvano$b, Maria Vittoria$3CFIV046452 702 1$aRho$b, Anita$3CFIV046551 702 1$aSpender$b, Stephen$3RAVV005000 702 1$aFischer$b, Louis$3RAVV039963$4070 702 1$aCrossman$b, Richard Howard Stafford$3RAVV055643 790 1$aTranquilli$b, Secondo$3CFIV054249$zSilone, Ignazio 790 1$aSpender$b, Stephen Harold$3MILV266804$zSpender, Stephen 790 1$aCrossman$b, Richard$3RAVV080333$zCrossman, Richard Howard Stafford 790 1$aCrossman$b, R. H. S.$3SBNV021193$zCrossman, Richard Howard Stafford 801 3$aIT$bIT-000000$c19940721 850 $aIT-BN0095 $aIT-BN0083 $aIT-SA0238 $aIT-AV0175 $aIT-NA0045 $aIT-AV0007 $aIT-AV0036 $aIT-NA0079 $aIT-NA0664 $aIT-AV0160 $aIT-NA0666 $aIT-NA0256 $aIT-NA0097 $aIT-NA0839 901 $bNAP AB$cS.D. $n$ 901 $bNAP VR$cMODERNO $n$ 901 $bNAP GV$cF. MODERNO$n$ 901 $bNAP ID$cBIANCHI $n$ 901 $bNAP DA$cSALA B $n$ 901 $bNAP BN$cF.PONTIERI$nIl Fondo è escluso dal servizio di prestito. La consegna dei documenti è effettuata dall'Ufficio Distribuzione 901 $bNAP CD$cSCAFF. 1 $n$ 901 $bNAP SP$cN. CUOMO $n$ 901 $bNAP AV$cSEZ. M $nSezione Moderna 901 $bNAP 01$cPOZZO LIB.$nVi sono collocati fondi di economia, periodici di ingegneria e scienze, periodici di economia e statistica e altri fondi comprendenti documenti di economia pervenuti in dono. 901 $bNAP 90$cAD $n$ 901 $bNAP 32$cM.STORICHE$n$ 901 $bNAP 55$cFB.SOC.GEN$n$ 901 $bNAP BG$cVEDOVATO $nDonazione Giuseppe Vedovato 912 $aIEI0084493 950 0$aBiblioteca Centralizzata di Ateneo$c1 v.$d 01POZZO LIB.ECON MON 3789$e 0101 0000119045E VMA v. 1$fB $h20210324$i20210324 977 $a 01$a 32$a 55$a 90$a AB$a AV$a BG$a BN$a CD$a DA$a GV$a ID$a SP$a VR 996 $aGod that failed$955518 997 $aUNISANNIO LEADER 01995nam0 2200433 i 450 001 IEI0101287 005 20251003044158.0 010 $a8870501957 100 $a19960704d1995 ||||0itac50 ba 101 | $aita 102 $ait 181 1$6z01$ai $bxxxe 182 1$6z01$an 200 1 $aˆLe ‰ferrovie in Lombardia tra Ottocento e Novecento$fa cura di Sergio Zaninelli 210 $aMilano$cIl polifilo$d[1995] 215 $aXXII, 249 p., [15] c. di tav.$cill.$d28 cm. 312 $aTit. sul dorso.: ˆLe ‰ferrovie in Lombardia.$9MIL0316124 517 1 $aˆLe ‰ferrovie in Lombardia.$9MIL0316124 606 $aFERROVIE$xLOMBARDIA$x1830-1914$2FIR$3MILC097768$9I 676 $a385.09452$9Trasporti ferroviari. Lombardia$v12 676 $a385.09452$9TRASPORTO FERROVIARIO. LOMBARDIA$v19 676 $a385.09452$9TRASPORTI FERROVIARI. LOMBARDIA$v20 676 $a385.09452$9TRASPORTI FERROVIARI. Lombardia$v21 676 $a385.09452$9Trasporti ferroviari. Lombardia$v22 686 $aIT/X434.4$cTRASPORTI FERROVIARI ITALIA$2R 686 $aLOM/X5.3$cECONOMIA E SOCIETA LOMBARDIA$2R 696 $aReti ferroviarie$aStrade ferrate 699 $aFerrovie$zReti ferroviarie 699 $aFerrovie$yStrade ferrate 702 1$aZaninelli$b, Sergio$3CFIV009040 801 3$aIT$bIT-000000$c19960704 850 $aIT-BN0095 $aIT-AV0003 901 $bNAP 01$cPOZZO LIB.$nVi sono collocati fondi di economia, periodici di ingegneria e scienze, periodici di economia e statistica e altri fondi comprendenti documenti di economia pervenuti in dono. 901 $bNAP AR$cP. CICCONE$nDONAZIONE 912 $aIEI0101287 950 0$aBiblioteca Centralizzata di Ateneo$b1 v.$c1 v.$d 01POZZO LIB.ECON MON 9794$e 0101 0000088355E VMA 1 v. (Precedente collocazione: GUERRAZZI C 69)$fB $h20071016$i20071016 977 $a 01$a AR 996 $aFerrovie in Lombardia tra Ottocento e Novecento$963698 997 $aUNISANNIO